000 00281nam a2200097Ia 4500
008 220204s9999 xx 000 0 und d
082 _aNR:678.021979
_bRRM;2
245 0 _aRRIM training manual on latex and rubber analysis, May 1979
260 _aKuala Lumpur
_bRRIM
_c1979
942 _cBK
999 _c35299
_d35299